Most spoken language in each family - Statistics

General Stats
  • This quiz has been taken 287 times
  • The average score is 8 of 11
Answer Stats
Hint Answer % Correct
Sino-Tibetan Mandarin
97%
Indo-European Spanish
95%
Afro-Asiatic Arabic
88%
Uralic Hungarian
79%
Caucasian Georgian
73%
Tai-Kadai Thai
70%
Altaic Japanese
64%
Niger-Congo Yoruba
59%
Dravidian Telugu
58%
Austronesian Javanese
56%
Austroasiatic Vietnamese
56%
No matching quizzes found
Score Distribution
Percent of People with Each Score
Percentile by Number Answered
Your Score History
You have not taken this quiz